|
|
|
|
| LEADER |
01203nam a2200289 4500 |
| 001 |
DLU120137772 |
| 005 |
##20120720 |
| 040 |
# |
# |
|a DLU
|b vie
|
| 041 |
# |
# |
|a vie
|
| 044 |
# |
# |
|a vn
|
| 082 |
# |
# |
|a 628.161
|b TH-H
|
| 100 |
# |
# |
|a Thái Quang Huy.
|
| 245 |
# |
# |
|a Đánh giá hàm lượng một số kim loại nặng có trong mẫu nước tại một vài địa điểm thuộc khu vực phía nam tỉnh Lâm Đồng :
|b Tóm tắt luận văn Thạc sĩ Hoá học /
|c Thái Quang Huy; Lê Ngọc Chung hướng dẫn.
|
| 260 |
# |
# |
|a Đà Lạt :
|b Trường Đại học Đà lạt,
|c 2012.
|
| 300 |
# |
# |
|a 24 tr. :
|b minh hoạ ;
|c 21 cm.
|
| 653 |
# |
# |
|a Hoá môi trường
|a Đánh giá tác động môi trường
|a Ô nhiễm nước
|a Nước sinh hoạt
|a Kim loại nặng
|a Phân tích định lượng
|a Phân tích quang phổ
|
| 700 |
# |
# |
|a Lê Ngọc Chung,
|c PGS.TS.
|e hướng dẫn.
|
| 915 |
# |
# |
|a Hoá phân tích
|b 604429
|c Thạc sĩ
|d Trường Đại học Đà lạt
|e Bộ Giáo dục và Đào tạo.
|
| 992 |
# |
# |
|a 0
|
| 994 |
# |
# |
|a DLU
|
| 900 |
# |
# |
|a True
|
| 911 |
# |
# |
|a Đào Thị Thu Huyền
|
| 925 |
# |
# |
|a G
|
| 926 |
# |
# |
|a A
|
| 927 |
# |
# |
|a LA
|
| 980 |
# |
# |
|a Thư viện Trường Đại học Đà Lạt
|